The essays of Elia /

Bibliographic Details
Main Author: Lamb, Charles, 1775-1834
Other Authors: Birrell, Augustine
Format: Book
Language:English
Published: London : New York : J. M. Dent ; E. P. Dutton, [1906]
Series:Everyman's library. Essays

MARC

Tag First Indicator Second Indicator Subfields
LEADER 00000cam a2200000 a 4500
001 in00000012202
005 20151007051759.0
008 810911s1906 enk 00010 eng d
035 |a (OCoLC)07751583 
035 |9 AAA4756AM 
040 |a OBE  |c OBE  |d m/c  |d TXA  |d UtOrBLW 
049 |a TXAM  |c [A12582926] 
050 4 |a PR4861.A2  |b B46 1906 
100 1 |a Lamb, Charles,  |d 1775-1834. 
245 1 4 |a The essays of Elia /  |c by Charles Lamb. 
264 1 |a London :  |b J. M. Dent ;  |a New York :  |b E. P. Dutton,  |c [1906] 
300 |a xvii, 327 pages ;  |c 18 cm. 
336 |a text  |b txt  |2 rdacontent 
337 |a unmediated  |b n  |2 rdamedia 
338 |a volume  |b nc  |2 rdacarrier 
490 0 |a Everyman's library. Essays 
500 |a Introduction by Augustine Birrell. 
700 1 |a Birrell, Augustine. 
999 |a MARS 
999 f f |s ed517724-27b7-314d-a132-f0bab7be789b  |i a19f60a0-98d3-3a24-b85f-d3d256b1dd2b  |t 0 
952 f f |p ric  |a Texas A&M University  |b Rellis Campus  |c Joint Library Facility  |d Remote Storage  |t 0  |e PR4861.A2 B46 1906  |h Library of Congress classification  |i unmediated -- volume  |m A14812582926 
998 f f |a PR4861.A2 B46 1906  |t 0  |l Remote Storage